00476nam a2200193 a 4500001001300000003000900013005001700022008004100039020001000080082001900090100002100109245002000130260003700150300000800187500003500195505001300230650001800243700002100261nice12345678IN_TiNIC20260116011806.0050524s0000 beia grp 000 0 ara  ac10000a220.9505bJAD1 aJadeed, Askandar aUl-Luss Al-Lazi aBeirutbMarkaz Ilshabiyatac0000 a57p aincludes index and biblioraphy2 aAppendix aBible Stories1 aJadeed, Askandar